000 00678 a2200217 4500
260 _aROME
260 _bFAO
245 _aGestion des programmes d'alimentation des collectivités.
300 _aX-202p.
440 _v23 Rév.1
300 _bCouv.ill.en coul.
260 _c1995
130 _lFr
710 _aFAO
440 _aDivision de l'alimentation et de la nutrition de la FAO.
690 _aalimentation des collectivités%planification%nutrition et trouble nutritionnel%hygiène et qualité des aliments%formation et éducation de la communauté%besoin énergétique.
020 _a92-5-203084-0
440 _x1014-2908
999 _c25613
_d25613